000 00534nam a2200217Ia 4500
003 OSt
005 20221007072956.0
006 a|||||r|||| 00| 0
007 ta
008 221006b |||||||| |||| 00| 0 eng d
024 _a25,498
037 _cTextual
040 _aFLL
_cFLL
_beng
041 _2eng
_aeng
082 _aL:5593:Z3, K9
245 0 _aNoise
260 _aLondon
_bThe Noise Abatement Society UK
_c1969
300 _a71p
_ccm.
942 _hL:5593:Z3, K9
_cTEXL
_2CC
999 _c1147394
_d1147394